[Event "Verbandsliga Sued Baden 0708"]
[Site "Germany"]
[Date "2007.10.28"]
[Round "2.4"]
[White "Naidji, Tayeb"]
[Black "Schmidt, Jens Uwe"]
[Result "1-0"]
[WhiteElo "2191"]
[BlackElo "2036"]
[PlyCount "58"]
[EventDate "2007.10.14"]
[EventType "team-tourn"]
[EventRounds "9"]
[EventCountry "GER"]
[SourceTitle "EXT 2009"]
[Source "ChessBase"]
[SourceDate "2008.11.26"]
[SourceVersion "1"]
[SourceVersionDate "2008.11.26"]
[SourceQuality "1"]
[WhiteTeam "Kehl"]
[BlackTeam "Lahr"]
[WhiteTeamCountry "GER"]
[BlackTeamCountry "GER"]

1. d4 d5 2. c4 e6 3. Nc3 f5 4. Nf3 c6 5. Bf4 Nf6 6. e3 Bd6 7. Ne5 0-0 8. Be2 Qe7 9. g4 Nbd7 10. Rg1 Kh8 11. g5 Ne4 12. Bd3 Nxe5 13. dxe5 Bb4 14. Bxe4 fxe4 15. g6 Qh4 16. Rg4 Qh5 17. gxh7 b6 18. cxd5 exd5 19. Rg5 Qe8 20. e6 Bxe6 21. Be5 Rf7 22. Qh5 Be7 23. Rg3 Bf6 24. Bxf6 Rxf6 25. Qxe8+ Rxe8 26. Ne2 Kxh7 27. Nf4 Kh6 28. h4 Ref8 29. Rg5 d4 1-0

[Event "Verbandsliga Sued Baden 0607"]
[Site "Germany"]
[Date "2007.04.29"]
[Round "9.3"]
[White "Raka, Ramadan"]
[Black "Naidji, Tayeb"]
[Result "0-1"]
[WhiteElo "2078"]
[BlackElo "2206"]
[PlyCount "37"]
[EventDate "2006.10.22"]
[EventType "team-tourn"]
[EventRounds "9"]
[EventCountry "GER"]
[SourceTitle "EXT 2008"]
[Source "ChessBase"]
[SourceDate "2007.11.25"]
[SourceVersion "1"]
[SourceVersionDate "2007.11.25"]
[SourceQuality "1"]
[WhiteTeam "Iffezheim"]
[BlackTeam "Kehl"]
[WhiteTeamCountry "GER"]
[BlackTeamCountry "GER"]

1. d4 f5 2. g4 fxg4 3. e4 d6 4. h3 g3 5. fxg3 Nf6 6. Bd3 Nc6 7. c3 e5 8. Be3 d5 9. Bb5 Bd6 10. Ne2 0-0 11. Bxc6 bxc6 12. exd5 Nxd5 13. Bf2 Qf6 14. Rh2 Ba6 15. Nd2 Qg6 16. c4 exd4 17. Qb1 d3 18. cxd5 Rae8 19. Kd1 0-1

[Event "Verbandsliga Sued Baden 0607"]
[Site "Germany"]
[Date "2006.10.22"]
[Round "1.4"]
[White "Fernandez Aguado, Juan Luis"]
[Black "Naidji, Tayeb"]
[Result "1-0"]
[WhiteElo "2210"]
[BlackElo "2225"]
[PlyCount "87"]
[EventDate "2006.10.22"]
[EventType "team-tourn"]
[EventRounds "9"]
[EventCountry "GER"]
[SourceTitle "EXT 2008"]
[Source "ChessBase"]
[SourceDate "2007.11.25"]
[SourceVersion "1"]
[SourceVersionDate "2007.11.25"]
[SourceQuality "1"]
[WhiteTeam "Horben"]
[BlackTeam "Kehl"]
[WhiteTeamCountry "GER"]
[BlackTeamCountry "GER"]

1. c4 c5 2. Nc3 Nf6 3. g3 g6 4. Bg2 Bg7 5. d3 0-0 6. Bd2 Nc6 7. Qc1 Re8 8. Bh6 Bh8 9. h4 Nd4 10. h5 Nf5 11. hxg6 fxg6 12. Ne4 e6 13. Bg5 Rf8 14. Nf3 Qa5+ 15. Bd2 Qc7 16. Nfg5 Nxe4 17. Bxe4 Bd4 18. Nf3 Bg7 19. Bc3 d6 20. g4 Nd4 21. Bxd4 Bxd4 22. Nxd4 cxd4 23. Qg5 Qf7 24. f3 Bd7 25. Rh6 Qf6 26. Qxf6 Rxf6 27. Kd2 Bc6 28. Rah1 d5 29. Rxh7 Raf8 30. g5 Rf4 31. cxd5 Bxd5 32. Bxd5 exd5 33. Rxb7 R4f7 34. Rxf7 Rxf7 35. Rh4 Rb7 36. b3 Rb4 37. Kc2 a5 38. a3 Rb5 39. Rxd4 Kf7 40. Rf4+ Ke6 41. Rf6+ Ke5 42. f4+ Kd4 43. Rxg6 Rc5+ 44. Kd2 1-0

[Event "Verbandsliga Sued Baden 0405"]
[Site "Germany"]
[Date "2004.10.31"]
[Round "2.7"]
[White "Naidji, Tayeb"]
[Black "Bohne, Oliver"]
[Result "1-0"]
[WhiteElo "2081"]
[BlackElo "2040"]
[PlyCount "117"]
[EventDate "2004.10.10"]
[EventType "team-tourn"]
[EventRounds "9"]
[EventCountry "GER"]
[SourceTitle "EXT 2007"]
[Source "ChessBase"]
[SourceDate "2006.11.23"]
[SourceVersion "1"]
[SourceVersionDate "2006.11.23"]
[SourceQuality "1"]
[WhiteTeam "Kehl"]
[BlackTeam "Waldshut II"]
[WhiteTeamCountry "GER"]
[BlackTeamCountry "GER"]

1. g3 d5 2. Bg2 g6 3. c4 c6 4. cxd5 cxd5 5. Nf3 Nc6 6. d4 Nf6 7. Nc3 Bg7 8. 0-0 0-0 9. Ne5 e6 10. Bg5 Qb6 11. Na4 Qb5 12. Nxc6 bxc6 13. Rc1 Ba6 14. Re1 Nd7 15. b3 Rfc8 16. Be7 Bf8 17. Bxf8 Kxf8 18. Nc5 Nxc5 19. Rxc5 Qb4 20. Qa1 Rab8 21. Qc3 Qxc3 22. Rxc3 Ke7 23. e3 Kd6 24. Rec1 Rb6 25. Rc5 Rc7 26. R1c3 f6 27. a3 Re7 28. e4 Bb7 29. f4 e5 30. fxe5+ fxe5 31. dxe5+ Rxe5 32. b4 Rb5 33. exd5 Rxc5 34. bxc5+ Kc7 35. d6+ Kd8 36. Bh3 Bc8 37. Bg2 Bd7 38. Kf2 Kc8 39. Bf1 Be6 40. Re3 Rf5+ 41. Ke1 Rf6 42. Be2 g5 43. Kd2 Kd7 44. Re4 Rf5 45. Rxe6 Rd5+ 46. Ke3 Rxc5 47. Rh6 Rc3+ 48. Kd4 Rxa3 49. Bg4+ Kd8 50. Ke5 Re3+ 51. Kf6 Rd3 52. Ke5 Re3+ 53. Kd4 Ra3 54. h3 Ra1 55. Rxh7 Ra4+ 56. Kc5 Ra5+ 57. Kxc6 Ra6+ 58. Kd5 Ra5+ 59. Ke6 1-0